Advanced Sudoku and Kakuro : (Record no. 588457)

MARC details
000 -LEADER
fixed length control field 00471nam a2200193 a 4500
008 - FIXED-LENGTH DATA ELEMENTS--GENERAL INFORMATION
fixed length control field 250921s2006##################000#0#eng##
020 ## - INTERNATIONAL STANDARD BOOK NUMBER
ISBN 9780340928158
082 04 - DEWEY DECIMAL CLASSIFICATION NUMBER
Classification number 793.74
Item number THO
100 1# - MAIN ENTRY--AUTHOR NAME
Personal name Thomas, Nick Afka,
245 10 - TITLE STATEMENT
Title Advanced Sudoku and Kakuro :
260 ## - PUBLICATION, DISTRIBUTION, ETC. (IMPRINT)
Name of publisher Teach Yourself,
Year of publication 2006.
300 ## - PHYSICAL DESCRIPTION
Number of Pages 242 pages
650 #0 - SUBJECT ADDED ENTRY--TOPICAL TERM
Topical Term Kakuro.
942 ## - ADDED ENTRY ELEMENTS (KOHA)
Koha item type English Books
Holdings
Withdrawn status Lost status Damaged status Not for loan Home library Current library Shelving location Date acquired Full call number Accession Number Price effective from Koha item type
        Anna Centenary Library Anna Centenary Library 6TH FLOOR, B WING 21.09.2025 793.74 THO 360699 21.09.2025 English Books
        Anna Centenary Library Anna Centenary Library 6TH FLOOR, B WING 21.09.2025 793.74 THO 360700 21.09.2025 English Books

Find us on the map